<?xml version="1.0" encoding="UTF-8"?>
<record
    xmlns:xsi="http://www.w3.org/2001/XMLSchema-instance"
    xsi:schemaLocation="http://www.loc.gov/MARC21/slim http://www.loc.gov/standards/marcxml/schema/MARC21slim.xsd"
    xmlns="http://www.loc.gov/MARC21/slim">

  <leader>01229nam a22002177a 4500</leader>
  <controlfield tag="001">2855</controlfield>
  <controlfield tag="005">20251017111032.0</controlfield>
  <controlfield tag="008">251017e2004    cl  n|jqrn|||l00| 0 spa  </controlfield>
  <datafield tag="040" ind1=" " ind2=" ">
    <subfield code="a">hms</subfield>
    <subfield code="c">spa</subfield>
    <subfield code="d">hms</subfield>
  </datafield>
  <datafield tag="110" ind1="1" ind2=" ">
    <subfield code="a">Ejercito de Chile </subfield>
    <subfield code="b">Hospital Militar de Santiago</subfield>
    <subfield code="9">697</subfield>
  </datafield>
  <datafield tag="245" ind1="1" ind2="0">
    <subfield code="a">Revista m&#xE1;s salud :</subfield>
    <subfield code="b">Enfermedades respiratorias /</subfield>
    <subfield code="c">Director General CRL. Antonio Cordero Kehr ; MAY. Patricio Hern&#xE1;ndez ; Redacci&#xF3;n period&#xED;stica Macarena S&#xE1;nchez.  </subfield>
    <subfield code="h">[recurso electr&#xF3;nico] </subfield>
    <subfield code="n">N&#xB0;5</subfield>
  </datafield>
  <datafield tag="246" ind1="3" ind2="0">
    <subfield code="a">Enfermedades respiratorias.</subfield>
  </datafield>
  <datafield tag="250" ind1=" " ind2=" ">
    <subfield code="a">Julio 2004</subfield>
  </datafield>
  <datafield tag="260" ind1=" " ind2=" ">
    <subfield code="a">Santiago de Chile :</subfield>
    <subfield code="b">s/i,</subfield>
    <subfield code="c">2004</subfield>
  </datafield>
  <datafield tag="300" ind1=" " ind2=" ">
    <subfield code="a">19 p&#xE1;ginas :</subfield>
    <subfield code="b">ilustraciones ;</subfield>
    <subfield code="c">28 cm. </subfield>
  </datafield>
  <datafield tag="500" ind1=" " ind2=" ">
    <subfield code="a">Incluye &#xED;ndice</subfield>
  </datafield>
  <datafield tag="505" ind1=" " ind2=" ">
    <subfield code="a">Editorial. -- Con vista a la cordillera. -- De todo un poco. -- Reportaje: contaminaci&#xF3;n. -- Reportaje: c&#xE1;ncer pulmonar. -- Enfermedades respiratorias: tabaquismo, apnea del sue&#xF1;o, Asma, Virus sincicial e infecciones respiratorias en ni&#xF1;os , Enfermedades pulmonar obstructiva cr&#xF3;nica (EPOC), Tuberculosis (TBC), Neumon&#xED;a, Sinusitis e infecciones respiratorias.  </subfield>
  </datafield>
  <datafield tag="650" ind1=" " ind2="7">
    <subfield code="a">Hospitales Militares</subfield>
    <subfield code="x">Enfermedades respiratorias.</subfield>
    <subfield code="z">Chile</subfield>
    <subfield code="9">4454</subfield>
  </datafield>
  <datafield tag="856" ind1="4" ind2="0">
    <subfield code="u">https://nube.hms.cl/index.php/s/RKiEDpbL9bpNmob</subfield>
  </datafield>
  <datafield tag="942" ind1=" " ind2=" ">
    <subfield code="2">z</subfield>
    <subfield code="n">0</subfield>
    <subfield code="c">CR</subfield>
  </datafield>
  <datafield tag="999" ind1=" " ind2=" ">
    <subfield code="c">2855</subfield>
    <subfield code="d">2855</subfield>
  </datafield>
  <datafield tag="952" ind1=" " ind2=" ">
    <subfield code="0">0</subfield>
    <subfield code="1">0</subfield>
    <subfield code="2">z</subfield>
    <subfield code="4">0</subfield>
    <subfield code="7">0</subfield>
    <subfield code="8">Col. Res.</subfield>
    <subfield code="a">BHMS</subfield>
    <subfield code="b">BHMS</subfield>
    <subfield code="c">Full Space</subfield>
    <subfield code="d">2025-10-17</subfield>
    <subfield code="i">2345</subfield>
    <subfield code="l">0</subfield>
    <subfield code="o">No. 5 Jul. 2004</subfield>
    <subfield code="p">2345</subfield>
    <subfield code="r">2025-10-17 09:08:00</subfield>
    <subfield code="t">c.1</subfield>
    <subfield code="w">2025-10-17</subfield>
    <subfield code="y">CR</subfield>
  </datafield>
</record>
